Statistics for Best Picture Winners (with directors and actors)

Click here to take the quiz!

General Stats

  • This quiz has been taken 39 times
    (7 since last reset)
  • The average score is 74 of 96

Answer Stats

YearDirectorActorFilm% Correct
2014Steve McQueenChiwetel Ejiofor12 Years a Slave
100%
1985Miloš FormanF. Murray AbrahamAmadeus
100%
2000Sam MendesKevin SpaceyAmerican Beauty
100%
2013Ben AffleckBen AffleckArgo
100%
1960William WylerCharlton HestonBen-Hur
100%
2015Alejandro González IñárrituMichael KeatonBirdman
100%
1996Mel GibsonMel GibsonBraveheart
100%
1944Michael CurtizHumphrey BogartCasablanca
100%
1991Kevin CostnerKevin CostnerDances with Wolves
100%
2023Daniel Scheinert / Daniel KwanMichelle YeohEverything Everywhere All at Once
100%
1995Robert ZemeckisTom HanksForrest Gump
100%
1983Richard AttenboroughBen KingsleyGandhi
100%
2001Ridley ScottRussell CroweGladiator
100%
1940Victor FlemingClark GableGone with the Wind
100%
2019Peter FarrellyViggo MortensenGreen Book
100%
1963David LeanPeter O'TooleLawrence of Arabia
100%
2005Clint EastwoodHilary SwankMillion Dollar Baby
100%
2008Joel Coen / Ethan CoenJosh BrolinNo Country for Old Men
100%
2021Chloé ZhaoFrances McDormandNomadland
100%
1976Miloš FormanJack NicholsonOne Flew Over the Cuckoo's Nest
100%
2024Christopher NolanCillian MurphyOppenheimer
100%
2020Bong Joon-hoSong Kang-hoParasite
100%
1971Franklin J. SchaffnerGeorge C. ScottPatton
100%
1987Oliver StoneTom BerengerPlatoon
100%
1989Barry LevinsonDustin HoffmanRain Man
100%
1994Steven SpielbergLiam NeesonSchindler's List
100%
1999John MaddenGwyneth PaltrowShakespeare in Love
100%
2009Danny BoyleDev PatelSlumdog Millionaire
100%
1997Anthony MinghellaRalph FiennesThe English Patient
100%
1973Francis Ford CoppolaMarlon BrandoThe Godfather
100%
1975Francis Ford CoppolaAl PacinoThe Godfather Part II
100%
2010Kathryn BigelowJeremy RennerThe Hurt Locker
100%
2011Tom HooperColin FirthThe King's Speech
100%
2004Peter JacksonElijah WoodThe Lord of the Rings: The Return of the King
100%
2018Guillermo del ToroSally HawkinsThe Shape of Water
100%
1992Jonathan DemmeJodie FosterThe Silence of the Lambs
100%
1966Robert WiseJulie AndrewsThe Sound of Music
100%
1998James CameronLeonardo DiCaprioTitanic
100%
1993Clint EastwoodClint EastwoodUnforgiven
100%
2002Ron HowardRussell CroweA Beautiful Mind
83%
1978Woody AllenWoody AllenAnnie Hall
83%
2003Rob MarshallRenée ZellwegerChicago
83%
2006Paul HaggisSandra BullockCrash
83%
1990Bruce BeresfordMorgan FreemanDriving Miss Daisy
83%
1980Robert BentonDustin HoffmanKramer vs. Kramer
83%
1965George CukorAudrey HepburnMy Fair Lady
83%
1955Elia KazanMarlon BrandoOn the Waterfront
83%
1977John G. AvildsenSylvester StalloneRocky
83%
2012Michel HazanaviciusJean DujardinThe Artist
83%
2007Martin ScorseseLeonardo DiCaprioThe Departed
83%
1962Robert Wise / Jerome RobbinsNatalie WoodWest Side Story
83%
1951Joseph L. MankiewiczBette DavisAll About Eve
67%
1945Leo McCareyBing CrosbyGoing My Way
67%
1949Laurence OlivierLaurence OlivierHamlet
67%
1956Delbert MannErnest BorgnineMarty
67%
1970John SchlesingerJon VoightMidnight Cowboy
67%
1986Sydney PollackRobert RedfordOut of Africa
67%
2016Tom McCarthyMark RuffaloSpotlight
67%
1961Billy WilderJack LemmonThe Apartment
67%
1958David LeanWilliam HoldenThe Bridge on the River Kwai
67%
1979Michael CiminoRobert De NiroThe Deer Hunter
67%
1972William FriedkinGene HackmanThe French Connection
67%
1974George Roy HillPaul NewmanThe Sting
67%
1931Lewis MilestoneLew AyresAll Quiet on the Western Front
50%
1950Robert RossenBroderick CrawfordAll the King's Men
50%
1967Fred ZinnemannPaul ScofieldA Man for All Seasons
50%
1952Vincente MinnelliGene KellyAn American in Paris
50%
1957Michael AndersonDavid NivenAround the World in 80 Days
50%
1934Frank LloydDiana WynyardCavalcade
50%
1982Hugh HudsonBen CrossChariots of Fire
50%
1932Wesley RugglesRichard DixCimarron
50%
2022Sian HederEmilia JonesCODA
50%
1954Fred ZinnemannBurt LancasterFrom Here to Eternity
50%
1948Elia KazanGregory PeckGentleman's Agreement
50%
1959Vincente MinnelliLeslie CaronGigi
50%
1933Edmund GouldingGreta GarboGrand Hotel
50%
1942John FordWalter PidgeonHow Green Was My Valley
50%
1968Norman JewisonSidney PoitierIn the Heat of the Night
50%
1935Frank CapraClark GableIt Happened One Night
50%
2017Barry JenkinsTrevante RhodesMoonlight
50%
1943William WylerGreer GarsonMrs. Miniver
50%
1936Frank LloydCharles LaughtonMutiny on the Bounty
50%
1969Carol ReedRon MoodyOliver!
50%
1981Robert RedfordDonald SutherlandOrdinary People
50%
1941Alfred HitchcockJoan FontaineRebecca
50%
1984James L. BrooksDebra WingerTerms of Endearment
50%
1947William WylerMyrna LoyThe Best Years of Our Lives
50%
1930Harry BeaumontCharles KingThe Broadway Melody
50%
1953Cecil B. DeMilleBetty HuttonThe Greatest Show on Earth
50%
1937Robert Z. LeonardWilliam PowellThe Great Ziegfeld
50%
1988Bernardo BertolucciJohn LoneThe Last Emperor
50%
1938William DieterlePaul MuniThe Life of Emile Zola
50%
1946Billy WilderRay MillandThe Lost Weekend
50%
1964Tony RichardsonAlbert FinneyTom Jones
50%
1929William A. WellmanClara BowWings
50%
1939Frank CapraJean ArthurYou Can't Take It with You
50%

Score Distribution

Percentile by Number Answered

Percent of People with Each Score

Your Score History

You have not taken this quiz since the last reset